[Event "TCh-CHN 2017"]
[Site "China CHN"]
[Date "2017.04.18"]
[Round "1.5"]
[Board "2"]
[White "Zhao, Jun"]
[Black "Wang, Yue"]
[Result "1/2-1/2"]
[WhiteTitle "GM"]
[BlackTitle "GM"]
[WhiteElo "2604"]
[BlackElo "2690"]
[WhiteTeam "Shandong"]
[BlackTeam "Tianjin"]
[WhiteFideId "8602522"]
[BlackFideId "8601429"]
[EventDate "2017.04.18"]

1. e4 e5 2. Nf3 Nc6 3. Bb5 Nf6 4. O-O Nxe4 5. Re1 Nd6 6. Nxe5 Be7 7. Bf1 Nxe5 8.
Rxe5 O-O 9. d4 Bf6 10. Re1 Nf5 11. c3 d5 12. Bf4 c6 13. Nd2 Nh4 14. Bd3 Bf5 15.
Bxf5 Nxf5 16. Nf3 Qd7 17. Qd3 Rae8 18. h3 Nh4 19. Nxh4 Bxh4 20. Kf1 Bd8 21. Rxe8
Rxe8 22. Re1 Rxe1+ 23. Kxe1 Qe6+ 24. Qe2 Qxe2+ 25. Kxe2 f5 26. Kd3 Kf7 27. f3 g6
28. Bd2 a6 29. Be3 Ke6 30. Bd2 Kf7 31. Be3 Ke6 32. Bd2 Kf7 33. Be3 1/2-1/2

[Event "TCh-CHN 2017"]
[Site "China CHN"]
[Date "2017.04.18"]
[Round "1.5"]
[Board "3"]
[White "Wen, Yang"]
[Black "Malakhov, Vladimir"]
[Result "1/2-1/2"]
[WhiteTitle "GM"]
[BlackTitle "GM"]
[WhiteElo "2605"]
[BlackElo "2686"]
[WhiteTeam "Shandong"]
[BlackTeam "Tianjin"]
[WhiteFideId "8602956"]
[BlackFideId "4120787"]
[EventDate "2017.04.18"]

1. d4 d5 2. c4 c6 3. Nf3 Nf6 4. Nc3 a6 5. cxd5 cxd5 6. Bf4 Nc6 7. Rc1 e6 8. e3
Be7 9. h3 Bd6 10. Bxd6 Qxd6 11. Bd3 O-O 12. O-O Bd7 13. Qe2 Rfc8 14. a3 Rc7 15.
Rc2 Rac8 16. Rfc1 Na5 17. Nb1 Nb3 18. Rxc7 Rxc7 19. Rc3 Rxc3 20. Nxc3 h6 21. Qc2
Na5 22. Ne5 Nc6 23. f4 Ne7 24. g4 Bc6 25. h4 Nd7 26. Nf3 Nc8 27. g5 hxg5 28.
hxg5 Qc7 29. Ne2 Nd6 30. Ne5 Nxe5 31. dxe5 Nc4 32. Bxc4 dxc4 33. Qxc4 Qa5 34.
Kf2 Qd2 35. Qd4 Qc2 36. Qc3 Qe4 37. Qd4 Qh1 38. Qd8+ Kh7 39. Qd3+ Be4 40. Qc3
Qh4+ 41. Kf1 Qh1+ 42. Kf2 Qh4+ 1/2-1/2

[Event "TCh-CHN 2017"]
[Site "China CHN"]
[Date "2017.04.18"]
[Round "1.5"]
[Board "4"]
[White "Xiao, Yiyi"]
[Black "Zhang, Xiaowen"]
[Result "0-1"]
[WhiteTitle "WFM"]
[BlackTitle "WGM"]
[WhiteElo "2311"]
[BlackElo "2332"]
[WhiteTeam "Tianjin"]
[BlackTeam "Shandong"]
[WhiteFideId "8606161"]
[BlackFideId "8603219"]
[EventDate "2017.04.18"]

1. d4 d5 2. c4 e6 3. Nf3 Nf6 4. Nc3 a6 5. cxd5 exd5 6. Bg5 Be6 7. e3 Nbd7 8. Bd3
Bd6 9. O-O O-O 10. Rc1 c6 11. Qc2 h6 12. Bf4 Qc7 13. Ne2 Nh5 14. Bxd6 Qxd6 15.
b4 Rfc8 16. Qb1 b6 17. Rc3 a5 18. a3 axb4 19. axb4 Ra4 20. b5 c5 21. dxc5 bxc5
22. Ned4 Nb6 23. Nc6 d4 24. exd4 cxd4 25. Rcc1 Nf4 26. Rfe1 Rca8 27. Bf1 d3 28.
Nd2 Kh8 29. Ne4 Qd5 30. Nc3 Qg5 31. Nxa4 Nh3+ 32. Kh1 Nxf2+ 33. Kg1 Nh3+ 34. Kh1
d2 35. Nxb6 dxe1=Q 36. Rxe1 Nf2+ 37. Kg1 Nh3+ 38. Kh1 Nf2+ 39. Kg1 Qc5 40. h3
Nxh3+ 41. Kh2 Qg1+ 42. Kg3 Qf2+ 43. Kh2 Qg1+ 44. Kg3 Ra3+ 45. Bd3 Qf2+ 46. Kh2
Qf4+ 47. Kh1 Nf2+ 48. Kg1 Nxd3 49. Re2 Rc3 50. Rc2 Qe3+ 51. Kh2 Rb3 52. Qg1
Qxg1+ 53. Kxg1 Rxb5 54. Na4 Rb1+ 55. Kh2 Bb3 0-1

[Event "TCh-CHN 2017"]
[Site "China CHN"]
[Date "2017.04.18"]
[Round "1.5"]
[Board "5"]
[White "Chu, Ruotong"]
[Black "Zhang, Lanlin"]
[Result "1-0"]
[WhiteElo "2166"]
[BlackElo "2183"]
[WhiteTeam "Tianjin"]
[BlackTeam "Shandong"]
[WhiteFideId "8605653"]
[BlackFideId "8608032"]
[EventDate "2017.04.18"]

1. d4 d5 2. c4 c6 3. cxd5 cxd5 4. Bf4 Nf6 5. e3 Bf5 6. Qb3 Qb6 7. Qxb6 axb6 8.
Nc3 e6 9. Rc1 Nc6 10. Nf3 Be7 11. a3 O-O 12. Bc7 Nd7 13. Bb5 Rfc8 14. Bg3 Ra5
15. Be2 g5 16. Nd2 Nf6 17. O-O Bg6 18. h3 h5 19. Nb5 Ne8 20. Nf3 h4 21. Bh2 Bh5
22. Bd3 Raa8 23. Rc2 f6 24. Rfc1 Kf7 25. Nd2 Rd8 26. Nc7 Rac8 27. Nxe8 Kxe8 28.
Rc3 Kd7 29. Bb5 Bd6 30. Bxd6 Kxd6 31. Kf1 e5 32. dxe5+ fxe5 33. Be2 Bg6 34. Rb3
Kc7 35. Nf3 d4 36. Nxe5 Be4 37. Bg4 Ra8 38. Nf7 Rg8 39. exd4 Bd5 40. Re3 Ra4 41.
Nh6 Rd8 42. Nf5 Kb8 43. b4 b5 44. Be2 Na7 45. Nd6 Bc6 46. Nf5 Nc8 47. Rd1 Nb6
48. Ne7 Bd7 49. Rc1 Nc4 50. Bxc4 bxc4 51. d5 Bb5 52. Rcc3 Ra6 53. Re5 Re8 54.
Ke2 Rf6 55. f3 Rd6 56. Kd2 Ka7 57. a4 Bxa4 58. Rxc4 Ka6 59. Rce4 Rd7 60. Ke3 Rc7
61. d6 Rc1 62. Ra5+ Kb6 63. Rxa4 1-0

[Event "TCh-CHN 2017"]
[Site "China CHN"]
[Date "2017.04.18"]
[Round "1.6"]
[Board "2"]
[White "Li, Di"]
[Black "Xu, Minghui"]
[Result "1-0"]
[WhiteTitle "IM"]
[WhiteElo "2485"]
[BlackElo "2316"]
[WhiteTeam "Chengdu"]
[BlackTeam "Zhejiang"]
[WhiteFideId "8607508"]
[BlackFideId "8606790"]
[EventDate "2017.04.18"]

1. Nf3 Nf6 2. c4 c6 3. d4 d5 4. Nc3 e6 5. g3 dxc4 6. Bg2 Nbd7 7. O-O b5 8. e4 b4
9. e5 Nd5 10. Ne4 N7b6 11. Nh4 Be7 12. Qg4 g6 13. Bh6 Ba6 14. Rfe1 Na4 15. Nf3
Nxb2 16. Nfg5 Nd3 17. Qf3 Kd7 18. Red1 Qe8 19. Nxf7 Rg8 20. Nfd6 Bxd6 21. Nf6+
Nxf6 22. Qxc6+ Ke7 23. Qxd6+ Kf7 24. exf6 1-0

[Event "TCh-CHN 2017"]
[Site "China CHN"]
[Date "2017.04.18"]
[Round "1.6"]
[Board "3"]
[White "Liu, Guanchu"]
[Black "Lu, Shanglei"]
[Result "1/2-1/2"]
[WhiteTitle "IM"]
[BlackTitle "GM"]
[WhiteElo "2462"]
[BlackElo "2641"]
[WhiteTeam "Chengdu"]
[BlackTeam "Zhejiang"]
[WhiteFideId "8603901"]
[BlackFideId "8603332"]
[EventDate "2017.04.18"]

1. e4 c5 2. Ne2 Nf6 3. Nbc3 d6 4. g3 b5 5. Bg2 Bb7 6. d4 Nbd7 7. O-O e6 8. dxc5
b4 9. Na4 dxc5 10. f3 Bc6 11. b3 Bxa4 12. bxa4 c4 13. a3 Bc5+ 14. Kh1 a5 15. Nf4
O-O 16. Qe2 e5 17. Nd5 Nxd5 18. exd5 Bd4 19. Rb1 Nb6 20. f4 Nxd5 21. Qxc4 Nc3
22. Rb3 Rc8 23. Qa6 Nxa4 24. axb4 Rxc2 25. Qxa5 Nb6 26. fxe5 Qc8 27. Rd3 Qc4 28.
Rfd1 Rxc1 29. Rxd4 Qc2 30. Rf1 Nc4 31. Qc5 Ne3 32. Qxc2 1/2-1/2

[Event "TCh-CHN 2017"]
[Site "China CHN"]
[Date "2017.04.18"]
[Round "1.6"]
[Board "5"]
[White "Ding, Yixin"]
[Black "Ren, Xiaoyi"]
[Result "1-0"]
[WhiteTitle "WGM"]
[WhiteElo "2424"]
[BlackElo "2254"]
[WhiteTeam "Zhejiang"]
[BlackTeam "Chengdu"]
[WhiteFideId "8602972"]
[BlackFideId "8608709"]
[EventDate "2017.04.18"]

1. e4 e5 2. Bc4 Nf6 3. d3 c6 4. Qe2 Be7 5. Nf3 d6 6. O-O O-O 7. Bb3 Bg4 8. Nbd2
Nh5 9. h3 Nf4 10. Qe3 Bh5 11. Kh2 Nd7 12. d4 Bg6 13. Re1 Qc7 14. c3 Rfe8 15. g3
Nh5 16. dxe5 dxe5 17. Bc2 Rad8 18. Qe2 Nhf6 19. Nh4 Bh5 20. f3 Nc5 21. Nb3 Ne6
22. Nf5 Bf8 23. Be3 Nd7 24. Qf2 f6 25. Rad1 Bf7 26. Rd2 c5 27. Red1 c4 28. Nc1
Ndc5 29. b4 cxb3 30. axb3 b6 31. Na2 Rxd2 32. Bxd2 Nd8 33. c4 Nc6 34. Nc3 Qb8
35. Nd5 Ne6 36. b4 Ned4 37. Ba4 Nxf5 38. Bxc6 Rc8 39. Bd7 Rxc4 40. Bxf5 Qd8 41.
Be1 Qe8 42. Bd7 Qb8 43. Bb5 Rc8 44. Qd2 a5 45. Ba6 Rc6 46. Rc1 Rxc1 47. Qxc1
axb4 48. Nxb4 b5 49. Nd5 Bxd5 50. exd5 Qb6 51. Bc8 g6 52. Be6+ Kg7 53. Kg2 Bc5
54. Qb2 b4 55. Qb3 Qb5 56. Qd1 b3 57. d6 b2 58. Ba2 Qa6 59. Bb1 Bxd6 60. Bc3 Qc4
61. Bxb2 Bc5 62. Qd3 Qb4 63. Bc3 Qb7 64. h4 Ba7 65. Ba2 Qc7 66. Bd2 e4 67. Qxe4
Qd7 68. Qd5 Qxd5 69. Bxd5 Bd4 70. Kf1 f5 71. Ke2 h6 72. Kd3 Bf2 73. Bc3+ Kh7 74.
Be5 Be1 75. Kc4 h5 76. Kc5 Bd2 77. Be6 Be1 78. Kd6 Kh6 79. Bf4+ Kg7 80. Bd5 g5
81. hxg5 Kg6 82. Bc6 h4 83. Be8+ Kg7 84. gxh4 Bxh4 85. Ke6 1-0

[Event "TCh-CHN 2017"]
[Site "China CHN"]
[Date "2017.04.19"]
[Round "2.1"]
[Board "1"]
[White "Yu, Yangyi"]
[Black "Lu, Shanglei"]
[Result "1/2-1/2"]
[WhiteTitle "GM"]
[BlackTitle "GM"]
[WhiteElo "2751"]
[BlackElo "2641"]
[WhiteTeam "Beijing"]
[BlackTeam "Zhejiang"]
[WhiteFideId "8603820"]
[BlackFideId "8603332"]
[EventDate "2017.04.18"]

1. e4 c5 2. Nf3 d6 3. d4 cxd4 4. Nxd4 Nf6 5. Nc3 a6 6. h4 Nc6 7. h5 h6 8. Be3
Ng4 9. Nxc6 bxc6 10. Bd2 Nf6 11. Qf3 e5 12. Bc4 Be6 13. Bxe6 fxe6 14. O-O-O Qc7
15. g4 Nh7 16. Qd3 Be7 17. f4 O-O 18. fxe5 d5 19. Rhf1 Qxe5 20. Rxf8+ Rxf8 21.
exd5 cxd5 22. Qxa6 Bg5 23. Qe2 Bxd2+ 24. Rxd2 Qd6 25. b3 Qa3+ 26. Kb1 Ng5 27.
Rd1 Ra8 28. Qe5 Kh8 29. Rd3 Rf8 30. Rd1 Ra8 31. Rd3 Rf8 32. Rd1 1/2-1/2

[Event "TCh-CHN 2017"]
[Site "China CHN"]
[Date "2017.04.19"]
[Round "2.1"]
[Board "3"]
[White "Fang, Yan"]
[Black "Xu, Minghui"]
[Result "1/2-1/2"]
[WhiteElo "2426"]
[BlackElo "2316"]
[WhiteTeam "Beijing"]
[BlackTeam "Zhejiang"]
[WhiteFideId "8604746"]
[BlackFideId "8606790"]
[EventDate "2017.04.18"]

1. e4 e5 2. Nf3 Nc6 3. Bb5 a6 4. Ba4 Nf6 5. O-O Be7 6. Re1 b5 7. Bb3 O-O 8. d4
d6 9. c3 Bg4 10. d5 Na5 11. Bc2 c6 12. h3 Bc8 13. dxc6 Qc7 14. Bg5 h6 15. Bh4
Nc4 16. b3 Nb6 17. Nh2 Be6 18. Qf3 Rac8 19. Nd2 Nh7 20. Bxe7 Qxe7 21. a4 Rxc6
22. axb5 axb5 23. Qd3 Qc7 24. Re3 Nf6 25. Nhf3 d5 26. exd5 Nbxd5 27. Ne4 Rd8 28.
Nxf6+ Nxf6 29. Qxb5 Nd5 30. Ree1 Rxc3 31. Be4 Rc5 32. Qa6 Nc3 33. Qa7 Qc8 34. b4
Rb5 35. Qa6 Qb8 36. Rac1 Nd5 37. Rc5 Rxb4 38. Bxd5 Bxd5 39. Nxe5 Re4 40. Rxe4
Qb1+ 41. Qf1 Qxe4 42. Ng4 Bb7 43. Ne3 Rd6 44. Rc4 Qe8 45. Qb1 Ba6 1/2-1/2

[Event "TCh-CHN 2017"]
[Site "China CHN"]
[Date "2017.04.19"]
[Round "2.1"]
[Board "4"]
[White "Ding, Yixin"]
[Black "Wang, Jue"]
[Result "1/2-1/2"]
[WhiteTitle "WGM"]
[BlackTitle "WGM"]
[WhiteElo "2424"]
[BlackElo "2359"]
[WhiteTeam "Zhejiang"]
[BlackTeam "Beijing"]
[WhiteFideId "8602972"]
[BlackFideId "8604070"]
[EventDate "2017.04.18"]

1. e4 c5 2. Nf3 d6 3. Bb5+ Nd7 4. c3 a6 5. Ba4 Nf6 6. Bc2 b5 7. d4 e5 8. O-O Be7
9. a4 Rb8 10. axb5 axb5 11. b3 O-O 12. d5 Ne8 13. Qe2 Nc7 14. Rd1 Nf6 15. Nbd2
Nh5 16. Nf1 g6 17. Bh6 Ng7 18. Ng3 b4 19. c4 Bg4 20. h3 Bxf3 21. Qxf3 Bg5 22.
Bxg5 Qxg5 23. Ra7 Qe7 24. Rda1 Ra8 25. Qd1 Rxa7 26. Rxa7 Ra8 27. Qa1 Rxa7 28.
Qxa7 Nge8 29. Qa1 Qg5 30. Nf1 h5 31. Ne3 Qe7 32. Qa4 1/2-1/2

[Event "TCh-CHN 2017"]
[Site "China CHN"]
[Date "2017.04.19"]
[Round "2.1"]
[Board "5"]
[White "Zhu, Jiner"]
[Black "Zhao, Xue"]
[Result "1/2-1/2"]
[BlackTitle "GM"]
[WhiteElo "2324"]
[BlackElo "2477"]
[WhiteTeam "Zhejiang"]
[BlackTeam "Beijing"]
[WhiteFideId "8608059"]
[BlackFideId "8601283"]
[EventDate "2017.04.18"]

1. e4 e5 2. Nf3 Nc6 3. Bb5 Nf6 4. d3 d6 5. O-O Be7 6. c3 O-O 7. Nbd2 a6 8. Ba4
b5 9. Bc2 Re8 10. Re1 Bf8 11. Nf1 h6 12. Ng3 d5 13. d4 Bg4 14. exd5 Qxd5 15. Ne4
exd4 16. Nxf6+ gxf6 17. Qd3 f5 18. Bf4 Bg7 19. Nh4 Ne5 20. Bxe5 Rxe5 21. h3 Bh5
22. Rxe5 Qxe5 23. Nxf5 Bg6 24. Qf3 Rf8 25. cxd4 Qe6 26. Nxg7 Kxg7 27. Qc3 Bxc2
28. Qxc2 Rd8 29. Qxc7 Rxd4 30. Qc3 Qc4 31. Qg3+ Kh7 32. Re1 Qxa2 33. Re8 Qb1+
34. Kh2 Qg6 35. Qe5 Qg7 36. Qf5+ Qg6 37. Qe5 Qg7 38. Qf5+ Qg6 39. Qe5 Qg7 1/2-1/2

[Event "TCh-CHN 2017"]
[Site "China CHN"]
[Date "2017.04.19"]
[Round "2.2"]
[Board "1"]
[White "Malakhov, Vladimir"]
[Black "Li, Di"]
[Result "1/2-1/2"]
[WhiteTitle "GM"]
[BlackTitle "IM"]
[WhiteElo "2686"]
[BlackElo "2485"]
[WhiteTeam "Tianjin"]
[BlackTeam "Chengdu"]
[WhiteFideId "4120787"]
[BlackFideId "8607508"]
[EventDate "2017.04.18"]

1. e4 e5 2. Bc4 Nf6 3. d3 Nc6 4. Nf3 Bc5 5. O-O O-O 6. c3 d5 7. exd5 Nxd5 8. Re1
Bg4 9. h3 Bh5 10. Nbd2 Nb6 11. Bb5 Bd6 12. Ne4 Re8 13. Ng3 Bg6 14. Bg5 Qd7 15.
d4 exd4 16. Rxe8+ Rxe8 17. Nxd4 a6 18. Bxc6 bxc6 19. Qf3 Nc4 20. b3 Ne5 21. Qd1
Nd3 22. Qd2 h6 23. Be3 Bxg3 24. fxg3 c5 25. Nf3 Qe7 26. Bf4 Bh7 27. g4 c6 28.
Bg3 Qe3+ 29. Qxe3 Rxe3 30. Rd1 Be4 31. Nd2 Bg6 32. Nf1 Re2 33. Rd2 Rxd2 34. Nxd2
Nc1 35. a3 Ne2+ 36. Kf2 Nxc3 37. Bd6 Ne4+ 38. Nxe4 Bxe4 39. Bxc5 f6 40. b4 Kf7
41. g3 Bd5 42. Ke3 Bg2 43. h4 Bh3 44. Kf4 g5+ 45. Kf3 f5 46. gxf5 Bxf5 47. Ke3
gxh4 48. gxh4 Ke6 49. Kd4 Kd7 50. Bb6 Kc8 51. Ke5 1/2-1/2

[Event "TCh-CHN 2017"]
[Site "China CHN"]
[Date "2017.04.19"]
[Round "2.2"]
[Board "2"]
[White "Wang, Yue"]
[Black "Liu, Guanchu"]
[Result "1/2-1/2"]
[WhiteTitle "GM"]
[BlackTitle "IM"]
[WhiteElo "2690"]
[BlackElo "2462"]
[WhiteTeam "Tianjin"]
[BlackTeam "Chengdu"]
[WhiteFideId "8601429"]
[BlackFideId "8603901"]
[EventDate "2017.04.18"]

1. Nf3 e6 2. c4 Nf6 3. g3 a6 4. Bg2 b5 5. b3 Bb7 6. O-O c5 7. Nc3 Qb6 8. e3 Be7
9. Qe2 Ne4 10. Nxe4 Bxe4 11. Bb2 O-O 12. d3 Bb7 13. d4 d6 14. d5 exd5 15. cxd5
Nd7 16. e4 Bf6 17. Bxf6 Nxf6 18. Qc2 Rfe8 19. Nd2 a5 20. a4 Ba6 21. axb5 Bxb5
22. Rfe1 Ra7 23. h3 Rea8 24. Bf1 a4 25. bxa4 Bxa4 26. Qc3 Qc7 27. Reb1 Bd7 28.
Rxa7 Rxa7 29. Bg2 Rb7 30. Rxb7 Qxb7 31. Nc4 Ne8 32. e5 Qb4 33. Qc1 dxe5 34. Nxe5
Bb5 35. Nc6 Bxc6 36. dxc6 c4 37. Qd1 Qd6 38. Qe2 Qe6 39. Qxe6 fxe6 40. f4 c3 41.
Be4 Kf7 42. Kf1 Nd6 43. c7 h6 44. Ke2 Ke7 45. Bc6 Nc8 46. Kd3 Kd6 47. Bb7 Kxc7
48. Bxc8 Kxc8 49. Kxc3 g5 50. fxg5 hxg5 51. Kd4 Kd7 52. Ke4 1/2-1/2

[Event "TCh-CHN 2017"]
[Site "China CHN"]
[Date "2017.04.19"]
[Round "2.2"]
[Board "3"]
[White "Dai, Changren"]
[Black "Zhao, Yuanhe"]
[Result "1/2-1/2"]
[WhiteElo "2437"]
[BlackElo "2394"]
[WhiteTeam "Tianjin"]
[BlackTeam "Chengdu"]
[WhiteFideId "8608156"]
[BlackFideId "8609497"]
[EventDate "2017.04.18"]

1. e4 e5 2. Nf3 Nf6 3. Nxe5 d6 4. Nf3 Nxe4 5. c4 Nc6 6. Nc3 Nxc3 7. dxc3 Be7 8.
Bd3 Be6 9. Be3 Bf6 10. Qc2 Qd7 11. O-O h6 12. Nd4 Bxd4 13. Bxd4 O-O 14. f4 f6
15. Bf2 Rfe8 16. c5 d5 17. Rad1 Rad8 18. b4 a6 19. a4 Kh8 20. Rde1 Bf7 21. Ra1
a5 22. b5 Ne7 23. Bd4 Nc8 24. Qf2 b6 25. Qh4 Qe7 26. cxb6 Nxb6 27. g4 Kg8 28.
Rae1 Qd6 29. g5 fxg5 30. fxg5 Bg6 31. Rxe8+ Rxe8 32. Rf6 gxf6 33. Bxg6 Re5 34.
Bh7+ Kxh7 35. Qxh6+ Kg8 36. gxf6 Kf7 37. Qg7+ Ke6 38. f7 Nd7 39. Bxe5 Qxe5 40.
f8=Q Nxf8 41. Qxf8 Qg5+ 42. Kf2 Qd2+ 43. Kf1 Qd1+ 44. Kg2 Qd2+ 1/2-1/2

[Event "TCh-CHN 2017"]
[Site "China CHN"]
[Date "2017.04.19"]
[Round "2.2"]
[Board "4"]
[White "Ren, Xiaoyi"]
[Black "Chu, Ruotong"]
[Result "1-0"]
[WhiteElo "2254"]
[BlackElo "2166"]
[WhiteTeam "Chengdu"]
[BlackTeam "Tianjin"]
[WhiteFideId "8608709"]
[BlackFideId "8605653"]
[EventDate "2017.04.18"]

1. d4 Nf6 2. c4 g6 3. g3 c6 4. Bg2 d5 5. cxd5 cxd5 6. Nc3 Nc6 7. Nf3 Ne4 8. Qb3
e6 9. Ne5 Nxe5 10. dxe5 Nxc3 11. bxc3 Qc7 12. O-O Qxe5 13. Bf4 Qxe2 14. Bxd5 Bg7
15. Rfe1 Qa6 16. Bc4 Qb6 17. Bb5+ Kf8 18. Rad1 h6 19. Qc4 a6 20. Bc7 Qxb5 21.
Rd8+ Ke7 22. Bd6+ 1-0

[Event "TCh-CHN 2017"]
[Site "China CHN"]
[Date "2017.04.19"]
[Round "2.2"]
[Board "5"]
[White "Shvayger, Yuliya"]
[Black "Xiao, Yiyi"]
[Result "1-0"]
[WhiteTitle "IM"]
[BlackTitle "WFM"]
[WhiteElo "2433"]
[BlackElo "2311"]
[WhiteTeam "Chengdu"]
[BlackTeam "Tianjin"]
[WhiteFideId "14100126"]
[BlackFideId "8606161"]
[EventDate "2017.04.18"]

1. e4 c5 2. Nf3 Nc6 3. Bb5 d6 4. O-O Bd7 5. c3 Nf6 6. Re1 a6 7. Bf1 Bg4 8. d3 e6
9. Nbd2 Be7 10. h3 Bxf3 11. Nxf3 O-O 12. d4 cxd4 13. cxd4 Rc8 14. a3 e5 15. d5
Nb8 16. b4 Nbd7 17. Bd3 Nb6 18. a4 Nc4 19. a5 Rc7 20. Re2 Qc8 21. Rc2 Nd7 22.
Qe2 b5 23. axb6 Ndxb6 24. Rb1 Bd8 25. Ra1 h6 26. Raa2 Re8 27. Kh1 Kh8 28. g4 f6
29. Nh4 Kh7 30. Nf5 Rh8 31. h4 g6 32. Ng3 h5 1-0

[Event "TCh-CHN 2017"]
[Site "China CHN"]
[Date "2017.04.19"]
[Round "2.3"]
[Board "1"]
[White "Wang, Tongsen"]
[Black "Zhao, Jun"]
[Result "0-1"]
[BlackTitle "GM"]
[WhiteElo "2395"]
[BlackElo "2604"]
[WhiteTeam "Qingdao"]
[BlackTeam "Shandong"]
[WhiteFideId "8608067"]
[BlackFideId "8602522"]
[EventDate "2017.04.18"]

1. e4 c5 2. Nf3 Nc6 3. d4 cxd4 4. Nxd4 Qb6 5. Nb3 Nf6 6. Nc3 e6 7. Be3 Qc7 8. a3
d6 9. f4 Be7 10. Qf3 a6 11. g4 b5 12. g5 Nd7 13. h4 Bb7 14. h5 b4 15. axb4 Nxb4
16. O-O-O Rc8 17. Bd3 d5 18. Kb1 Nxd3 19. cxd3 dxe4 20. dxe4 O-O 21. g6 Nf6 22.
Rc1 Qb8 23. Bd4 Rxc3 24. Qxc3 Bxe4+ 25. Ka1 Qb5 26. Nc5 Bxh1 27. Rxh1 Rc8 28.
Rc1 Ne4 29. gxh7+ Kh8 30. Bxg7+ Kxh7 31. Qc2 Rxc5 32. Qxe4+ f5 33. Rxc5 fxe4 34.
Rxb5 axb5 35. Bd4 Kh6 36. Kb1 Kxh5 37. Kc2 Kg4 38. Kd1 Kf3 39. Bc3 Bh4 0-1

[Event "TCh-CHN 2017"]
[Site "China CHN"]
[Date "2017.04.19"]
[Round "2.3"]
[Board "2"]
[White "Fang, Yuxiang"]
[Black "Wen, Yang"]
[Result "1/2-1/2"]
[WhiteTitle "GM"]
[BlackTitle "GM"]
[WhiteElo "2497"]
[BlackElo "2605"]
[WhiteTeam "Qingdao"]
[BlackTeam "Shandong"]
[WhiteFideId "8605840"]
[BlackFideId "8602956"]
[EventDate "2017.04.18"]

1. Nf3 d5 2. d4 Nf6 3. c4 e6 4. Nc3 c6 5. cxd5 exd5 6. Bg5 Bf5 7. e3 Nbd7 8. Bd3
Bxd3 9. Qxd3 Be7 10. O-O O-O 11. Rab1 a5 12. Qc2 Ne8 13. Bxe7 Qxe7 14. Na4 Nd6
15. Nc5 Rfe8 16. Nxd7 Qxd7 17. Ne5 Qe7 18. a4 Qg5 19. Nf3 Qh5 20. Qd1 Re6 21.
Ne5 Qh4 22. Qf3 Rh6 23. h3 Qe7 24. Qe2 Ne4 25. Rbc1 Kh8 26. Nd3 Rg6 27. Ne5 Rh6
28. Nd3 Rg8 29. Rfe1 Re8 30. Ne5 Kg8 31. Nd3 Rg6 32. Ne5 Re6 33. Nd3 Rg6 1/2-1/2

[Event "TCh-CHN 2017"]
[Site "China CHN"]
[Date "2017.04.19"]
[Round "2.3"]
[Board "3"]
[White "Ma, Zhonghan"]
[Black "Bu, Xiangzhi"]
[Result "1/2-1/2"]
[WhiteTitle "IM"]
[BlackTitle "GM"]
[WhiteElo "2471"]
[BlackElo "2730"]
[WhiteTeam "Qingdao"]
[BlackTeam "Shandong"]
[WhiteFideId "8607206"]
[BlackFideId "8601445"]
[EventDate "2017.04.18"]

1. Nf3 Nf6 2. d4 e6 3. g3 b6 4. Bg2 Bb7 5. c4 Bb4+ 6. Bd2 c5 7. O-O O-O 8. Bxb4
cxb4 9. a3 bxa3 10. Rxa3 d5 11. Ne5 Qe7 12. cxd5 Bxd5 13. Bxd5 Nxd5 14. Nc3 Nb4
15. Qa4 f6 16. Nf3 N8c6 17. e4 Rad8 18. d5 exd5 19. exd5 Ne5 20. Nxe5 fxe5 21.
Qxa7 Qxa7 22. Rxa7 Nxd5 23. Rb7 Nxc3 24. bxc3 Rb8 25. Rxb8 Rxb8 26. Rb1 Kf7 27.
Rb5 Rc8 28. Rxb6 Rxc3 29. Rb7+ Kf6 30. Rb6+ Kf7 31. Rb7+ Kf6 32. Rb6+ 1/2-1/2

[Event "TCh-CHN 2017"]
[Site "China CHN"]
[Date "2017.04.19"]
[Round "2.3"]
[Board "4"]
[White "Zhang, Xiaowen"]
[Black "Hong, Xing"]
[Result "1/2-1/2"]
[WhiteTitle "WGM"]
[WhiteElo "2332"]
[BlackElo "2017"]
[WhiteTeam "Shandong"]
[BlackTeam "Qingdao"]
[WhiteFideId "8603219"]
[BlackFideId "8606129"]
[EventDate "2017.04.18"]

1. e4 c5 2. Nf3 d6 3. d4 cxd4 4. Nxd4 Nf6 5. Nc3 a6 6. Be2 e6 7. O-O Be7 8. f4
O-O 9. Kh1 Qc7 10. Be3 b5 11. a4 b4 12. Na2 Nxe4 13. Nxb4 Bb7 14. a5 Nd7 15. f5
d5 16. fxe6 Bxb4 17. exd7 Bd6 18. Bg1 g6 19. Bg4 Qd8 20. Bh3 Qh4 21. Qg4 Qxg4
22. Bxg4 Rfd8 23. c3 f5 24. Nxf5 gxf5 25. Bxf5 Bc5 26. Bxe4 Bxg1 27. Bf5 Bc5 28.
Be6+ Kh8 29. Rf7 Bc6 30. Bf5 Ra7 31. Rxh7+ Kg8 32. Rh5 Bxd7 33. Bh7+ Kg7 34.
Rxd5 Kxh7 35. Rxc5 Be6 36. Re5 Bb3 37. Re2 Rad7 38. h3 Rd2 39. Rae1 Bc4 40. Re4
Bd5 41. Rh4+ Kg6 42. Rg4+ Kh6 43. c4 Bb7 44. Re6+ Kh5 45. b4 R2d4 46. Re7 R8d7
47. Rxd7 Rxd7 48. b5 Kh6 49. Kh2 Rd2 50. bxa6 Bxa6 51. Kg3 Ra2 52. Kf3 Rxa5 53.
Ke3 Rc5 54. Kd3 Kh5 55. Kc3 Bc8 56. Re4 Bb7 57. Rg4 Bc8 58. Rd4 Bb7 59. g3 Re5
60. Rh4+ Kg5 61. Kd4 Re1 62. Rh7 Bg2 63. h4+ Kg6 64. Ra7 Re4+ 65. Kc5 Bf1 66.
Kd5 Rxc4 67. Ra1 Be2 68. Ra2 Bf1 69. Ra1 Be2 70. Ra2 Bf1 1/2-1/2

[Event "TCh-CHN 2017"]
[Site "China CHN"]
[Date "2017.04.19"]
[Round "2.3"]
[Board "5"]
[White "Ning, Kaiyu"]
[Black "Gong, Qianyun"]
[Result "0-1"]
[BlackTitle "WIM"]
[WhiteElo "2169"]
[BlackElo "2280"]
[WhiteTeam "Shandong"]
[BlackTeam "Qingdao"]
[WhiteFideId "8614750"]
[BlackFideId "8602425"]
[EventDate "2017.04.18"]

1. d4 Nf6 2. c4 e6 3. Nf3 b6 4. g3 Bb7 5. Bg2 g6 6. Nc3 Bg7 7. O-O O-O 8. Qc2 d5
9. cxd5 exd5 10. b4 Nbd7 11. Rd1 c6 12. Bb2 Re8 13. e3 Bf8 14. a3 b5 15. Ne5 a5
16. Qb3 axb4 17. axb4 Rxa1 18. Bxa1 Qe7 19. Bh3 Nb6 20. Nd3 Nc4 21. Nc5 Bc8 22.
Bxc8 Rxc8 23. Bb2 Ra8 24. Re1 Bh6 25. Qc2 Nd7 26. e4 Nxc5 27. dxc5 Bg7 28. Bc1
f5 29. f3 fxe4 30. fxe4 Bd4+ 31. Kh1 Qf6 32. Nd1 Qf3+ 33. Qg2 dxe4 34. Qxf3 exf3
35. Rf1 Ra1 36. Bf4 Nb2 37. Ne3 Rxf1+ 38. Nxf1 Nd3 0-1